Score 0/20 Timer 02:00
0 Plays Today
% Correct
Berlin
100%
Berlin
97.1%
Berlin
97.1%
Berlin
97.1%
Berlin
91.2%
Berlin
91.2%
Hamburg
91.2%
Hamburg
88.2%
Munich
82.4%
Munich
79.4%
% Correct
Berlin
76.5%
Berlin
76.5%
Hamburg
76.5%
Hamburg
76.5%
Munich
73.5%
Hamburg
70.6%
Munich
70.6%
Munich
70.6%
Munich
70.6%
Hamburg
67.6%
Remove Ads.
Support Sporcle.
Get the best of Sporcle when you Go Orange. This ad-free experience offers more features, more stats, and more fun while also helping to support Sporcle. Thank you for becoming a member.

You're not logged in!

Compare scores with friends on all Sporcle quizzes.
OR
Log In

Sporcle TV

Today on Sporcle TV


Watch our educational content, quiz creation guides, and fun videos on Sporcle TV.

Show Comments

Extras

Top Quizzes Today


Score Distribution

Paid Content

Your Account Isn't Verified!

In order to create a playlist on Sporcle, you need to verify the email address you used during registration. Go to your Sporcle Settings to finish the process.

Report this User

Report this user for behavior that violates our Community Guidelines.

Details: